000 00500nam a2200193Ia 4500
005 20250508163712.0
008 008 250505s9999 xx 000 0 eng d
020 _a81-85316-34-1
037 _aTextual
040 _aFEDL
_beng
_cFEDL
041 _aeng
_2eng
084 _a507, SHA
_qFEDL
100 _aSharma Pushpalata
_9405293
245 0 _aScience aptitudes of tribal children
260 _c1993
300 _axi,160p
942 _cTEXL
_h507, SHA
999 _c1384793
_d1384793